|
|
|
|
| LEADER |
00000cam a22000004a 4500 |
| 001 |
musev2_80918 |
| 003 |
MdBmJHUP |
| 005 |
20230905052319.0 |
| 006 |
m o d |
| 007 |
cr||||||||nn|n |
| 008 |
050407s2005 inu o 00 0 eng d |
| 020 |
|
|
|a 9781575065588
|
| 035 |
|
|
|a (OCoLC)747412045
|
| 040 |
|
|
|a MdBmJHUP
|c MdBmJHUP
|
| 100 |
1 |
|
|a Gane, Roy,
|d 1955-
|
| 245 |
1 |
0 |
|a Cult and Character :
|b Purification Offerings, Day of Atonement, and Theodicy /
|c Roy E. Gane.
|
| 264 |
|
1 |
|a Winona Lake, Ind. :
|b Eisenbrauns,
|c 2005.
|
| 264 |
|
3 |
|a Baltimore, Md. :
|b Project MUSE,
|c 2021
|
| 264 |
|
4 |
|c ©2005.
|
| 300 |
|
|
|a 1 online resource (416 pages):
|b ill.
|
| 336 |
|
|
|a text
|b txt
|2 rdacontent
|
| 337 |
|
|
|a computer
|b c
|2 rdamedia
|
| 338 |
|
|
|a online resource
|b cr
|2 rdacarrier
|
| 505 |
0 |
|
|a The locus of ritual meaning -- The system of tajf rituals -- Outer-altar purification offerings -- Outer-sanctum purification offerings -- Purification-offering flesh : prebend or expiation -- Purification offering : purgation of sanctuary or offerer? -- Pollution of the sanctuary : aerial or only by direct contact? -- Blood or ash water : detergent, metaphorical carrier agent, or means of passage? -- The scope of expiability -- Inner-sanctum purification offerings -- The purification ritual of Azazel's goat -- Two major phases of ritual -- Trajectories of evils -- Divine justice and the cost of kindness -- Divine presence and theodicy -- Loyalty and royalty in Hebrew narrative -- Yearly accountability in Mesopotamian cult.
|
| 588 |
|
|
|a Description based on print version record.
|
| 630 |
0 |
7 |
|a Bible.
|p Leviticus.
|2 fast
|0 (OCoLC)fst01892925
|
| 630 |
0 |
0 |
|a Bible.
|p Leviticus
|x Criticism, interpretation, etc.
|
| 650 |
|
7 |
|a Yom Kippur.
|2 fast
|0 (OCoLC)fst01182938
|
| 650 |
|
7 |
|a Theodicy.
|2 fast
|0 (OCoLC)fst01149507
|
| 650 |
|
7 |
|a Purity, Ritual
|x Judaism.
|2 fast
|0 (OCoLC)fst01084389
|
| 650 |
|
0 |
|a Theodicy.
|
| 650 |
|
0 |
|a Yom Kippur.
|
| 650 |
|
0 |
|a Purity, Ritual
|x Judaism.
|
| 655 |
|
7 |
|a Criticism, interpretation, etc.
|2 fast
|0 (OCoLC)fst01411635
|
| 655 |
|
7 |
|a Electronic books.
|2 local
|
| 710 |
2 |
|
|a ebrary, Inc.
|
| 710 |
2 |
|
|a Project Muse.
|e distributor
|
| 830 |
|
0 |
|a Book collections on Project MUSE.
|
| 856 |
4 |
0 |
|z Texto completo
|u https://projectmuse.uam.elogim.com/book/80918/
|
| 945 |
|
|
|a Project MUSE - Custom Collection
|